ბათუმის შოთა რუსთაველის სახელმწიფო უნივერსიტეტის ბიბლიოთეკა

ბიბლიოთეკარი: პროფესიული სტანდარტი. საქართველოს ბიბლიოთეკარის პროფესიული ეთიკის კოდექსი (ბიბ.ჩანაწერი № 52549)

000 -LEADER
fixed length control field 01071nam a2200229Ia 4500
001 - CONTROL NUMBER
control field 19573
003 - CONTROL NUMBER IDENTIFIER
control field GE_BSU
008 - FIXED-LENGTH DATA ELEMENTS--GENERAL INFORMATION
fixed length control field 181216s||||||||xx |||||||||||||| ||und||
020 ## - INTERNATIONAL STANDARD BOOK NUMBER
International Standard Book Number 9789941087233
040 ## - CATALOGING SOURCE
Transcribing agency GE_BSU
080 ## - UNIVERSAL DECIMAL CLASSIFICATION NUMBER
Universal Decimal Classification number 02:174
245 ## - TITLE STATEMENT
Title ბიბლიოთეკარი: პროფესიული სტანდარტი. საქართველოს ბიბლიოთეკარის პროფესიული ეთიკის კოდექსი
245 ## - TITLE STATEMENT
Statement of responsibility, etc. რედ. ც. კოჭლაშვილი., გ. თაყნიაშვილი
260 ## - PUBLICATION, DISTRIBUTION, ETC.
Place of publication, distribution, etc. თბილისი
260 ## - PUBLICATION, DISTRIBUTION, ETC.
Date of publication, distribution, etc. 2016
300 ## - PHYSICAL DESCRIPTION
Extent 17გვ.
653 ## - INDEX TERM--UNCONTROLLED
Uncontrolled term ბიბლიოთეკარი
653 ## - INDEX TERM--UNCONTROLLED
Uncontrolled term ბიბლიოთეკარი: პროფესიული სტანდარტი. საქართველოს ბიბლიოთეკარის პროფესიული ეთიკის კოდექსი
653 ## - INDEX TERM--UNCONTROLLED
Uncontrolled term ქსეროქსი
942 ## - ADDED ENTRY ELEMENTS (KOHA)
Koha item type წიგნი
ეგზემპლარები
Withdrawn status Lost status Damaged status Not for loan Date acquired Barcode Date last seen Price effective from Koha item type Public note
        2018-12-17 00389 ქსეროქსი 2018-12-17 2018-12-17 წიგნი ქსეროქსი